Contending liberalisms in world politics : Ideology and power
This wide-ranging critique of current endeavors to construct a world order based on neoliberal ideology comes not from a standpoint opposed to liberalism, but from within liberalism itself. After introducing the theme of contending liberalisms, Richardson traces the emergence over time of a distinct...
Shranjeno v:
| Glavni avtor: | |
|---|---|
| Format: | Knjiga |
| Jezik: | Undetermined |
| Izdano: |
Boulder (Colorado)
Lynne Rienner Publishers
2001
|
| Teme: | |
| Oznake: |
Označite
Brez oznak, prvi označite!
|
| Thư viện lưu trữ: | Trung tâm Học liệu Trường Đại học Cần Thơ |
|---|
| LEADER | 01297nam a2200205Ia 4500 | ||
|---|---|---|---|
| 001 | CTU_116635 | ||
| 008 | 210402s9999 xx 000 0 und d | ||
| 082 | |a 327.101 | ||
| 082 | |b R523 | ||
| 100 | |a Richardson, James L. | ||
| 245 | 0 | |a Contending liberalisms in world politics : | |
| 245 | 0 | |b Ideology and power | |
| 245 | 0 | |c James L. Richardson | |
| 260 | |a Boulder (Colorado) | ||
| 260 | |b Lynne Rienner Publishers | ||
| 260 | |c 2001 | ||
| 520 | |a This wide-ranging critique of current endeavors to construct a world order based on neoliberal ideology comes not from a standpoint opposed to liberalism, but from within liberalism itself. After introducing the theme of contending liberalisms, Richardson traces the emergence over time of a distinctive liberal view of international relations and reviews the present state of liberal JR theory. He then turns to neoliberal ideology, examining it in detail - particularly in the context of globalization - and investigating the powerful forces that support and sustain it. His conclusion, offering modest grounds for optimism, assesses the prospects for an alternative, more equitable liberal order. | ||
| 650 | |a Liberalism,Globalication,International relations | ||
| 904 | |i Giang | ||
| 980 | |a Trung tâm Học liệu Trường Đại học Cần Thơ | ||